| 000 | 01056nam a2200301 i 4500 | ||
|---|---|---|---|
| 001 | 10556 | ||
| 003 | KOSZ 005 | ||
| 005 | 20191017092953.0 | ||
| 008 | 081023s1960 pl a f 000 0 pol | ||
| 015 | _aPB 1960/3524 | ||
| 040 |
_aWA N _cKOSZ 005/RW _dKOSZ 005/RW _dKOSZ 005/HR |
||
| 046 | _k1960 | ||
| 080 | _a528 | ||
| 080 | _a624.131 | ||
| 100 | 1 |
_aSzancer, Stefan. _eAutor |
|
| 245 | 1 | 0 |
_aWybrane zagadnienia z geodezji inżynieryjno-przemysłowej / _cStefan Szancer. |
| 260 |
_aWarszawa : _bPaństwowe Przedsiębiorstwo Wydawnictw Kartograficznych, _c1960. |
||
| 300 |
_a104 s., [1] k. tabl. : _bil., err. ; _c20 cm. |
||
| 380 | _aKsiążki. | ||
| 388 | _a1901-2000 | ||
| 504 | _aBibliogr. s. 104. | ||
| 658 | _aGeografia i nauki o Ziemi | ||
| 650 | 4 | _aGeodezja | |
| 650 | 4 | _aGeologia inżynierska | |
| 710 | 2 |
_aPaństwowe Przedsiębiorstwo Wydawnictw Kartograficznych _4pbl. |
|
| 856 |
_uhttp://koha.tu.koszalin.pl/cgi-bin/koha/opac-detail.pl?biblionumber=10656 _yKatalog online BPK |
||
| 942 |
_2UKD _cKS |
||
| 999 |
_c10656 _d10656 |
||